00712nam a2200157Ia 4500008004100000024005200041082001800093100008200111245004300193260002500236600002700261650003300288856010700321952010900428999001700537250506s9999 xx 000 0 und d a07B-82-EE, 07B-83-EE, 07B-67-EE & 07B-68-EE a681.2072 MUID aMuddasar M. Amin, Mohammad Rahim Taqi, Mohammad Hunain & Talal Ahmed Siddiqui 0aPower Saving Through Sensor and Timing aKarachi:bUIT,c2007 aElectronic Engineering aBachelor of Engineering (BE) uhttps://drive.google.com/file/d/1bkZLQpowGVT6HNHQtLsopqLY_kcsIpcV/view?usp=sharingyClick Here for PDF 001040708PR-EEaUITUbUITUd2022-07-26l0o681.2072 MUIDpEE-167r2025-05-06 11:34:12w2025-05-06yPR c27918d27918